Nazwy państw z co najmniej 2 wyrazami - Statystyki

Ogólne statystyki
  • Ten quiz został rozwiązany 229 razy
    222 od ostatniego zresetowania
  • Średni wynik to 24 z 31
Statystyki odpowiedzi
Kontynent Państwo % Poprawnych
Europa Wielka Brytania
97%
Azja Korea Północna
91%
Azja Korea Południowa
91%
Afryka Republika Południowej Afryki
89%
Europa Macedonia Północna
88%
Europa Bośnia i Hercegowina
87%
Austrialia i Oceania Nowa Zelandia
87%
Afryka Demokratyczna Republika Konga
85%
Europa San Marino
85%
Azja Arabia Saudyjska
82%
Ameryka Północna Stany Zjednoczone
80%
Afryka Sudan Południowy
80%
Austrialia i Oceania Papua Nowa Gwinea
78%
Afryka Republika Zielonego Przylądka
78%
Azja Zjednoczone Emiraty Arabskie
78%
Afryka Republika Środkowoafrykańska
77%
Afryka Wyspy Świętego Tomasza i Książęca
76%
Australia i Oceania Wyspy Marshalla
75%
Afryka Gwinea Równikowa
74%
Ameryka Południowa Trynidad i Tobago
73%
Ameryka Północna Antigua i Barbuda
72%
Azja Timor Wschodni
72%
Afryka Wybrzeże Kości Słoniowej
70%
Austrialia i Oceania Wyspy Salomona
70%
Afryka Gwinea Bissau
69%
Ameryka Północna Saint Lucia
69%
Azja Sri Lanka
69%
Ameryka Północna Saint Kitts i Nevis
68%
Ameryka Północna Saint Vincent i Grenady
62%
Afryka Burkina Faso
61%
Afryka Sierra Leone
57%
Nie znaleziono quizów pasujących do podanych kryteriów
Rozkład punktacji
Procent ludzi z każdym wynikiem
Percentyl według liczby udzielonych odpowiedzi
Twoja historia wyników
Nie rozwiązałeś tego quizu od ostatniego zresetowania